Sports Quiz

Random Sports or Numbers Quiz

2010 NFL quarterbacks by number Quiz Stats

Quiz not verified by Sporcle

Challenge
Share
Tweet
Embed
Score 0/18 Timer 10:00
0 Plays Today
Number Quarterback % Correct
18Peyton Manning, Sage Rosenfels
88.5%
4Brian Brohm, Byron Leftwich, Todd Bouman, Kevin Kolb, Brett Favre, John Parker Wilson, AJ Feeley
87%
7Chad Henne, Ben Roethlisberger, Curtis Painter, Matt Cassel, Kyle Boller, Billy Volek, Michael Vick, Tarvaris Jackson...
82.7%
12Tom Brady, Colt McCoy, Brodie Croyle, Caleb Hanie, Aaron Rodgers, Rudy Carpenter
81.7%
5Joe Flacco, Trent Edwards, Kerry Collins, Bruce Gradkowski, Donovan McNabb, Drew Stanton, Josh Freeman, David Carr...
79.8%
9Carson Palmer, Matt Leinart, David Garrard, Brady Quinn, Tony Romo, Matthew Stafford, Drew Brees
79.8%
10Levi Brown, Chad Pennington, Marc Bulger, Vince Young, Eli Manning, Todd Collins, Matt Flynn, Daniel Chase
79.8%
6Mark Sanchez, Seneca Wallace, Jay Cutler, Max Hall, Charlie Whitehurst
71.2%
8Brian Hoyer, Mark Brunell, Matt Schaub, Kyle Orton, Jason Campbell, Rex Grossman, Sam Bradford, Matt Hasselbeck...
69.2%
Number Quarterback % Correct
2Matt Ryan, Jimmy Clausen
60.1%
17Jake Delhomme, Philip Rivers
55.8%
11Kellen Clemens, Rusty Smith, Josh Johnson, Alex Smith
51%
3Jon Kitna, Mike Kafka,John Beck, Matt Moore, Derek Anderson
47.6%
1Troy Smith
38.9%
14Ryan Fitzpatrick, Shaun Hill, Joe Webb
34.1%
15Tim Tebow
31.7%
16Charlie Batch, Tony Pike
13.9%
19John Skelton
9.1%

You're not logged in!

Compare scores with friends on all Sporcle quizzes.
Join for Free
OR
Log In

You Might Also Like...

Show Comments

Extras

Top Quizzes Today


Score Distribution

Your Account Isn't Verified!

In order to create a playlist on Sporcle, you need to verify the email address you used during registration. Go to your Sporcle Settings to finish the process.

Report this User

Report this user for behavior that violates our Community Guidelines.

Details: